| 000 | 00754nam a22002417a 4500 | ||
|---|---|---|---|
| 005 | 20250822114331.0 | ||
| 008 | 250822b |||||||| |||| 00| 0 eng d | ||
| 020 | _a812602686X | ||
| 040 | _cAL | ||
| 041 | _amal | ||
| 082 |
_a891.8128 _bBOSS |
||
| 100 |
_aNemai Sadan Bose _9236961 |
||
| 100 |
_dനേമായി സഡൻ ബോസ് _9236962 |
||
| 245 |
_aSwami Vivekanandan _b: സ്വാമി വിവേകാനന്ദൻ |
||
| 260 |
_aNew Delhi _bSahitya Akademi _c2015 |
||
| 300 |
_a177p. _bPB _c21x14cm |
||
| 650 |
_aMalayalam Literature _9236956 |
||
| 650 |
_aMonograph _9236957 |
||
| 650 |
_aBiography _9236958 |
||
| 700 |
_aRaja, P C C Tr _9236963 |
||
| 700 |
_aരാജ പി സി സി Tr _9236964 |
||
| 942 |
_2ddc _cBK |
||
| 999 |
_c240372 _d240372 |
||